Madhubani Painting / (Record no. 208968)

MARC details
000 -LEADER
fixed length control field 00746nam a22002057a 4500
005 - DATE AND TIME OF LATEST TRANSACTION
control field 20250210160209.0
010 ## - LCCN (DPL NO)
LC control number ENG-143378
020 ## - INTERNATIONAL STANDARD BOOK NUMBER
Terms of availability 315.00
International Standard Book Number 9789354090615
035 ## - SYSTEM CONTROL NUMBER
System control number EN-126910
037 ## - SOURCE OF ACQUISITION
Source of stock number/acquisition DBAD
082 ## - DEWEY DECIMAL CLASSIFICATION NUMBER
Classification number 751.95294
100 ## - MAIN ENTRY--PERSONAL NAME
Personal name Anand, Mulk Raj
245 ## - TITLE STATEMENT
Title Madhubani Painting /
Statement of responsibility, etc by Mulk Raj Anand ; edited by Roma Chatterjee
260 ## - PUBLICATION, DISTRIBUTION, ETC. (IMPRINT)
Name of publisher, distributor, etc Publication Division
Date of publication, distribution, etc 2020
Place of publication, distribution, etc New Delhi
270 ## - ADDRESS
Address Ministry Of Information and Broadcasting Govt. Of India, Soochna Bhawan CGO Complex,
City New Delhi
Postal code 110003
300 ## - PHYSICAL DESCRIPTION
Extent 60p.:
Dimensions 29cm(Hb)
Other physical details illus. Color
500 ## - GENERAL NOTE
General note Vol 1 Sections ! to 247<br/>Vol 2 Sections 248 to 531 Schedules
700 ## - ADDED ENTRY--PERSONAL NAME
Personal name Chatterjee ,Roma
9 (RLIN) 77471
942 ## - ADDED ENTRY ELEMENTS (KOHA)
Source of classification or shelving scheme Dewey Decimal Classification
Item type English Books
Call number suffix ANA
Classification part 751.95294
Holdings
Withdrawn status Lost status Not for loan Collection code Home library Current library Date acquired Source of acquisition Cost, normal purchase price Full call number Barcode Copy number Cost, replacement price Koha item type
      Reference Central Library Central Library 10/02/2025 DBAD 315.00 ANA 751.95294 EN-126910 1 315.00 English Books

© Delhi Public Library
Hit Counter
free hit counter